Capitals of the middle east - Statistics

General Stats
  • This quiz has been taken 114 times
  • The average score is 17 of 26
Answer Stats
Hint Answer % Correct
Greece Athens
88%
Egypt Cairo
88%
Turkey Ankara
86%
UAE Abu Dhabi
84%
Syria Damascus
81%
Iraq Baghdad
79%
Iran Tehran
77%
Lebanon Beirut
74%
Qatar Doha
74%
Kuwait Kuwait city
72%
Jordan Amman
70%
Tunisia Tunis
68%
Pakistan Islamabad
67%
Saudi Arabia Riyadh
67%
Algeria Algiers
61%
Oman Muscat
60%
Yemen Sanaa
58%
Azerbaijan Baku
56%
Cyprus Nicosia
56%
Morocco Rabat
56%
Georgia Tbilisi
51%
Libya Tripoli
47%
Bahrain Manama
46%
Sudan Khartoum
39%
Armenia Yerevan
37%
Afghanistan Kandahar
12%
No matching quizzes found
Score Distribution
Percent of People with Each Score
Percentile by Number Answered
Your Score History
You have not taken this quiz